| 000 | 00957nam a22003017a 4500 | ||
|---|---|---|---|
| 003 | CHAP | ||
| 005 | 20220329135329.0 | ||
| 008 | 971013s r 00010 d | ||
| 010 | _a34524 | ||
| 011 | _a35496 | ||
| 035 | _a39612 | ||
| 040 | _cCHAP | ||
| 090 | _aFolleto 7648 | ||
| 110 |
_aEmpresa de Pesquisa Agropecuaria de Minas Gerais _936615 |
||
| 245 | _aRecomendacoes la Comissao Norte Brasileira do Pesquisa de Trigo para o ano 19 - . | ||
| 260 |
_aBelo Horizonte : _b(s.e.), _c198 - . |
||
| 300 | _av. | ||
| 500 | _aLa biblioteca tiene : 1982 | ||
| 590 |
_aBATCH-UPD _b10 _c20130110 _lUCH01 _h1840 |
||
| 590 |
_aBATCH-UPD _b10 _c20130410 _lUCH01 _h1211 |
||
| 590 |
_aBATCH-UPD _b10 _c20130914 _lUCH01 _h2053 |
||
| 590 |
_aCONVERSION _b10 _c20130109 _lUCH01 _h1319 |
||
| 650 | 1 | 4 |
_aTrigo _xBrasil. _9114988 |
| 650 | 1 | 4 |
_aTrigo _xInvestigación. _9115046 |
| 901 | _aBK | ||
| 942 | _cFOLL | ||
| 949 |
_aFolleto 7648 _bBC _cFOLL _d-90317 _eTS1 _i39612 _mD _si |
||
| 999 |
_c34524 _d34524 |
||